000 00555nam a2200205Ia 4500
005 20230228103653.0
008 131103s9999 xx 000 0 und d
040 _aLoreto College
041 _aEnglish
082 _a821.08
_bWIL
245 _aPattern poetry part II
_cComplied by Richard Wilson
260 _aLondon
_bThomas Nelson
_c1948
300 _a253p.
440 _aThe Teaching of english series
504 _aIncludes index
650 _aEnglish poetry - Collections
700 _aWilson, Richard; ed.
850 _aLCLIB
942 _cBK
999 _c20882
_d71361